Multiple Choice City Quiz – Jakarta - Statistics

General Stats
  • This quiz has been taken 9,798 times
    9,784 since last reset
  • The average score is 7 of 10
Answer Stats
Question Answer % Correct
What is happening to the northern part of Jakarta? It is sinking
89%
Which European power colonized Jakarta? Netherlands
89%
On what island is Jakarta is located? Java
86%
What is the majority religion in Jakarta? Islam
85%
What was Jakarta's name during its colonial years? Batavia
68%
What market-dominant minority comprises about 6% of Jakarta's population? Chinese
67%
What city is planned to become the next capital of Indonesia, replacing Jakarta? Nusantara
64%
Which of these sauces is typical of Jakarta's cuisine? Peanut sauce
54%
What is Jakarta's nickname? The Big Durian
46%
Which of these does Jakarta have? The tallest building in the Southern Hemisphere
31%
No matching quizzes found
Score Distribution
Percent of People with Each Score
Percentile by Number Answered
Your Score History
You have not taken this quiz since the last reset